Nghiên cứu chế tạo thiết bị thu gom và loại bỏ nước mưa quy mô hộ gia đình : Báo cáo tổng kết đề tài nghiên cứu Khoa học của sinh viên
Đề tài nghiên cứu, chế tạo thiết bị thu gom và xử lý nước mưa nhỏ gọn và hiệu quả, phù hợp quy mô hộ gia đình.
שמור ב:
| מחבר ראשי: | |
|---|---|
| פורמט: | ספר |
| שפה: | Undetermined |
| יצא לאור: |
Cần Thơ
Trường Đại học Cần Thơ
2013
|
| נושאים: | |
| תגים: |
הוספת תג
אין תגיות, היה/י הראשונ/ה לתייג את הרשומה!
|
| Thư viện lưu trữ: | Trung tâm Học liệu Trường Đại học Cần Thơ |
|---|
| LEADER | 01161nam a2200229Ia 4500 | ||
|---|---|---|---|
| 001 | CTU_205688 | ||
| 008 | 210402s9999 xx 000 0 und d | ||
| 082 | |a 621.8 | ||
| 082 | |b Tr506 | ||
| 088 | |a TSV2013-06 | ||
| 100 | |a Trần, Thị Thu Trúc | ||
| 245 | 0 | |a Nghiên cứu chế tạo thiết bị thu gom và loại bỏ nước mưa quy mô hộ gia đình : | |
| 245 | 0 | |b Báo cáo tổng kết đề tài nghiên cứu Khoa học của sinh viên | |
| 245 | 0 | |c Trần Thị Thu Trúc (Chủ nhiệm đề tài) ; Trần Văn Tỷ (Cán bộ hướng dẫn) ; Nguyễn Văn Bé Chính, Hoàng Thu Hà, Lê Minh Khoa (Tham gia thực hiện) | |
| 260 | |a Cần Thơ | ||
| 260 | |b Trường Đại học Cần Thơ | ||
| 260 | |c 2013 | ||
| 520 | |a Đề tài nghiên cứu, chế tạo thiết bị thu gom và xử lý nước mưa nhỏ gọn và hiệu quả, phù hợp quy mô hộ gia đình. | ||
| 650 | |a Machine design,Thiết kế máy | ||
| 904 | |i Hải | ||
| 915 | |a CN | ||
| 980 | |a Trung tâm Học liệu Trường Đại học Cần Thơ | ||